[Event "RUS-chT Blitz Men 2018"]
[Site "Sochi"]
[Date "2018.10.10"]
[Round "1"]
[White "Artemiev, Vladislav"]
[Black "Rozhko, Dmitry"]
[Result "1-0"]
[WhiteElo "2706"]
[BlackElo "2305"]
[Annotator "TA"]
[PlyCount "80"]
[EventDate "2018.10.10"]
[EventType "swiss"]
[EventCountry "RUS"]
[SourceTitle "playchess.com"]
[Source "ChessBase"]
[SourceQuality "1"]

{[%evp 25,80,60,66,58,68,56,66,68,64,70,95,95,115,114,112,112,183,183,241,241,241,241,241,238,262,248,278,257,278,274,275,270,307,308,307,293,308,297,349,356,349,333,391,346,441,404,451,305,460,453,469,441,741,695,1025,1025,966]} 1. e4 e6 2. d4 d5 3. Nc3 dxe4 4. Nxe4 Bd7 5. Nf3 Bc6 6. Bd3 Nd7 7. O-O Ngf6 8. Ned2 Be7 9. Nc4 Bxf3 {C10: French with 3 Nc3: Unusual Black 3rd moves and 3...dxe4} (9... Be4 10. Bxe4 Nxe4 11. Na5 Rb8 12. d5 Ndc5 13. dxe6 Nxe6 14. Qxd8+ Bxd8 15. Re1 Nd6 16. Bf4 Be7 17. Be5 {1-0 (56) Kovalenko,I (2630)-Medvegy,Z (2550) Germany 2017}) (9... O-O 10. Re1 Bxf3 11. Qxf3 c6 12. c3 Nb6 13. Ne5 Nbd7 14. Qh3 Re8 15. Bf4 Nf8 16. Rad1 Ng6 17. Bg5 Qd6 18. Bxf6 Bxf6 19. Bxg6 fxg6 {1-0 (35) Artemiev,V (2663)-Rozhko,D (2324) Sochi 2016}) 10. Qxf3 c6 11. c3 O-O 12. Bf4 Re8 13. Rfe1 Nf8 {LiveBook: 3 Games} 14. Bg3 $146 ({Predecessor:} 14. Rad1 Ng6 15. Bg3 Rc8 16. a4 Qd5 17. Qe2 Nh5 {1-0 (52) Ni,S (2441)-Ning,K (2169) Shenzhen 2017}) 14... Ng6 15. a4 (15. Qe2 {seems wilder.} Qd5 16. Be5 Qd8 17. Qc2 Nd5 18. Bg3) 15... Qd5 16. Qxd5 cxd5 17. Na5 b6 18. Nc6 Nh5 19. Ba6 Nxg3 20. hxg3 Bd6 (20... Rf8 $16) 21. Bb7 $18 Ne7 (21... Rab8 {keeps fighting.} 22. Nxb8 Rxb8) 22. Nxe7+ Bxe7 23. Bxa8 Rxa8 {[%mdl 4096] Endgame KRR-KRB} 24. Kf1 a5 25. Ke2 Rc8 26. Kd3 Kf8 27. Rh1 h6 28. f4 f5 29. Rhe1 Kf7 30. Re2 h5 31. Rc1 g5 32. Rce1 Rc6 33. b3 gxf4 34. gxf4 h4 35. Re3 Bf8 36. Rh3 Be7 (36... Rxc3+ $142 37. Kxc3 Bb4+ 38. Kd3 Bxe1) 37. g3 {White is clearly winning.} hxg3 38. Rg1 Bf6 (38... Bd6 $142 39. Rh4 Rc8 40. Rxg3 Rc7) 39. Rgxg3 Ke7 40. Rh7+ Kd6 {Precision: White = 76%, Black = 19%.} 1-0

[Event "RUS-chT Blitz Men 2018"]
[Site "Sochi"]
[Date "2018.10.10"]
[Round "1"]
[White "Malakhov, Vladimir"]
[Black "Uzhva, Andrey"]
[Result "1-0"]
[WhiteElo "2661"]
[BlackElo "2270"]
[Annotator "TA"]
[PlyCount "92"]
[EventDate "2018.10.10"]
[EventType "swiss"]
[EventCountry "RUS"]
[SourceTitle "playchess.com"]
[Source "ChessBase"]
[SourceQuality "1"]

{[%evp 9,92,22,21,36,35,36,57,49,87,82,89,83,89,79,109,102,114,122,142,151,154,122,175,185,185,154,203,181,276,277,262,268,276,254,294,290,277,286,488,490,469,431,437,425,413,331,320,233,223,208,215,223,423,423,483,481,476,475,466,459,489,457,562,483,543,564,564,525,514,512,867,859,858,856,840,796,1830,1660,29972,29973,29990,29991,29998,29999,29999]} 1. Nf3 Nf6 2. c4 g6 3. d4 Bg7 4. e3 O-O 5. Be2 d5 (5... d6 6. Nc3 Bf5 7. Qb3 b6 8. d5 a5 9. Nd4 Bd7 10. O-O Na6 11. Qd1 Nc5 12. Bf3 Rc8 13. a3 e5 14. dxe6 Nxe6 {0-1 (56) Topalov,V (2747)-Ding,L (2797) Wenzhou 2018}) 6. cxd5 {E60: King's Indian: Unusual lines and Fianchetto Variation without Nc3} Nxd5 7. O-O Nb6 8. Nc3 {White is slightly better.} N8d7 9. e4 c6 10. Bg5 h6 11. Be3 Nf6 12. h3 $146 ({Predecessor:} 12. Qc1 Kh7 13. h3 Be6 14. Nd2 Qc8 15. f4 Rd8 16. Qe1 Bxh3 17. gxh3 Qxh3 {1-0 (50) Vlasov,A (1810)-Waterslag,I (800) LSS email 2009}) 12... Be6 13. b3 Kh7 14. Qc2 Rc8 15. Rfd1 Qc7 (15... Nfd7 $16 16. Rac1 f5) 16. Rac1 $18 Rfd8 17. a4 a5 18. Qb1 Qb8 (18... Nbd7 $142 19. d5 cxd5) 19. d5 Nbxd5 20. exd5 cxd5 21. Nb5 Bf5 22. Bd3 Bxd3 23. Qxd3 e5 $2 {[#]} (23... Rxc1 {is a better defense.} 24. Rxc1 Rc8) 24. Ba7 e4 25. Bxb8 exd3 26. Rxc8 Rxc8 27. Be5 Ne4 28. Bxg7 ({Don't play} 28. Rxd3 Rc1+ 29. Kh2 Rh1+ 30. Kxh1 Nxf2+ 31. Kg1 Nxd3 $18) 28... Kxg7 29. Rxd3 Rc1+ 30. Kh2 Nxf2 $2 {[#]} (30... Rh1+ 31. Kxh1 Nxf2+ 32. Kg1 Nxd3) 31. Rxd5 Rh1+ 32. Kg3 Ne4+ 33. Kf4 Nf6 34. Rc5 Rb1 35. Nbd4 Nh5+ 36. Ke3 Nf6 37. Rxa5 Rc1 38. Rb5 Rc3+ 39. Ke2 Ne4 (39... Rc7 $142 40. Kd3 Kg8) 40. Rxb7 Ng3+ 41. Kd1 Ne4 42. Ne5 Nf2+ 43. Ke2 Ne4 44. Rxf7+ {White mates.} Kg8 45. Ne6 Ng5 46. Rg7+ Kh8 {Precision: White = 64%, Black = 31%.} 1-0

[Event "RUS-chT Blitz Men 2018"]
[Site "Sochi"]
[Date "2018.10.10"]
[Round "1"]
[White "Morozevich, Alexander"]
[Black "Chekhov, Sergei"]
[Result "1-0"]
[WhiteElo "2656"]
[BlackElo "2463"]
[Annotator "TA"]
[PlyCount "42"]
[EventDate "2018.10.10"]
[EventType "swiss"]
[EventCountry "RUS"]
[SourceTitle "playchess.com"]
[Source "ChessBase"]
[SourceQuality "1"]

{[%evp 13,42,-2,0,-14,47,0,19,11,70,0,2,-4,18,5,10,-1,79,57,54,41,816,833,834,835,1681,952,1249,1239,1115,1113,29996]} 1. e4 c5 2. Nf3 e6 3. g3 b6 4. Bg2 Bb7 5. d3 Nf6 6. O-O d5 7. e5 {A05: Réti Opening: 1 Nf3 Nf6} (7. Re1 Be7 8. e5 Nfd7 9. c4 d4 10. Nbd2 Nc6 11. h4 h6 12. Nf1 Qc7 13. Qe2 O-O-O 14. Bd2 Rdg8 15. N1h2 g5 16. hxg5 hxg5 17. Ng4 Rh5 18. a3 Rgh8 {0-1 (41) Salgado Lopez,I (2641)-Salomon,J (2487) Dubai 2017}) 7... Nfd7 {LiveBook: 18 Games} 8. c4 Be7 (8... d4 $11) 9. h4 $146 {White is slightly better.} ({Predecessor:} 9. Re1 O-O 10. h4 {1-0 (41) Martinkus,R (2265)-Godlauskas,K Radviliskis 1995}) 9... O-O 10. Bf4 a6 (10... d4 $11) 11. Re1 (11. cxd5 $1 $14 exd5 12. Qe2) 11... b5 12. Nc3 d4 13. Ne4 Nc6 14. b3 Nb6 (14... Rb8 $11 {remains equal.}) 15. Nfg5 {Hoping for Qh5.} h6 16. Qh5 {Strongly threatening Nf6+!} Qe8 $2 {[%mdl 8192] [#]} (16... Nd7 $14) 17. Nf6+ $1 $18 {[%mdl 512] White is clearly winning.} Bxf6 18. exf6 Nd7 19. Ne4 e5 20. Bxh6 g6 21. Qg5 {[#] White threatens Bg7 and mate.} Nd8 {Precision: White = 32%, Black =  8%.} 1-0

[Event "RUS-chT Blitz Men 2018"]
[Site "Sochi"]
[Date "2018.10.10"]
[Round "1"]
[White "Alekseenko, Kirill"]
[Black "Oparin, Grigoriy"]
[Result "0-1"]
[WhiteElo "2639"]
[BlackElo "2624"]
[Annotator "TA"]
[PlyCount "48"]
[EventDate "2018.10.10"]
[EventType "swiss"]
[EventCountry "RUS"]
[SourceTitle "playchess.com"]
[Source "ChessBase"]
[SourceQuality "1"]

{[%evp 9,48,-14,-12,-19,-9,-27,-9,-11,-5,-12,0,-8,-16,-17,-8,-18,-20,-54,-45,-59,-69,-65,-96,-101,-67,-93,-114,-91,-18,-21,-25,-122,-110,-183,-93,-135,-133,-306,-281,-873,-864]} 1. d4 Nf6 2. Nc3 d5 3. Bf4 e6 4. Nb5 Na6 5. e3 Be7 (5... c6 6. Nc3 Nc7 7. Nf3 Bd6 8. Ne5 O-O 9. Qf3 Bb4 10. Bd3 Nb5 11. O-O Nxc3 12. bxc3 Bxc3 {0-1 (33) Jobava,B (2690)-Anand,V (2782) Riadh 2017}) 6. Nf3 {D00: 1 d4 d5: Unusual lines} O-O 7. Be2 c6 8. Nc3 {The position is equal.} c5 9. h3 Bd7 $146 ({Predecessor:} 9... cxd4 10. exd4 Nb4 11. O-O Bd7 {½-½ (50) Alekseenko,K (2563)-Goryachkina,A (2478) Sochi 2017}) 10. O-O Rc8 11. a4 Nb4 12. Ne5 a6 13. a5 Nc6 14. Nxd7 Nxd7 15. dxc5 Bxc5 16. Bd3 h6 17. Qh5 {and if Bxh6 works, White does fine.} Nf6 18. Qh4 e5 ({Reject} 18... Nxa5 $6 19. Bxh6 gxh6 20. Rxa5 $14) (18... Re8 $17) 19. Bxh6 $1 $11 gxh6 20. Bf5 {[#]} (20. Qxh6 $11 {keeps the balance.} e4 21. Qg5+ Kh8 22. Nxd5 Qxd5 23. Qxf6+ Kg8 24. Bc4 $1 {[%mdl 512]} Qxc4 25. Qg5+ Kh8 26. Qf6+ Kh7 27. Qf5+ Kh8 28. Qf6+ Kh7 29. Qf5+ Kg7 30. Qg5+ Kh8 31. Qf6+) 20... Kg7 $1 $17 21. Ra4 (21. Rfd1 $17 {was called for.}) 21... d4 (21... Ne7 $19 22. Qg3+ Ng6 23. Bxc8 Qxc8) 22. Qg3+ Kh8 23. Qh4 $2 (23. Bxc8 $17 Qxc8 24. exd4 Bxd4 25. Qh4) 23... Ng8 $19 24. Bxc8 $2 (24. Qxd8 Rcxd8 25. exd4 Bxd4 26. Ne2) 24... Qxh4 {Precision: White = 16%, Black = 44%.} 0-1

[Event "RUS-chT Blitz Men 2018"]
[Site "Sochi"]
[Date "2018.10.10"]
[Round "1"]
[White "Lysyj, Igor"]
[Black "Nazaretyan, Tigran"]
[Result "1-0"]
[WhiteElo "2631"]
[BlackElo "2248"]
[Annotator "TA"]
[PlyCount "137"]
[EventDate "2018.10.10"]
[EventType "swiss"]
[EventCountry "RUS"]
[SourceTitle "playchess.com"]
[Source "ChessBase"]
[SourceQuality "1"]

{[%evp 29,137,95,72,0,0,0,0,0,28,41,61,53,58,24,70,54,64,19,43,47,45,33,50,42,52,16,36,9,14,4,8,5,4,9,13,8,73,0,0,0,0,0,0,0,0,0,3,0,0,0,0,0,0,0,4,4,4,4,4,4,92,92,147,103,99,96,487,479,487,441,1360,975,1179,1069,1398,1360,29957,5210,29970,29971,29968,29968,6825,7536,5202,2826,29981,29982,29982,29983,29983,29984,29984,29985,29985,29986,29986,29987,29988,29988,29989,29990,29992,29990,29990,29990,29991,29992,29992,29993]} 1. d4 Nf6 2. c4 d6 3. Nf3 Nbd7 4. Nc3 e5 5. e4 Be7 6. Be2 O-O 7. O-O c6 8. Be3 a6 9. d5 cxd5 10. cxd5 b5 11. Nd2 Ne8 {A55: Old Indian Defence with Nf3 and e4} (11... Nb6 12. a4 bxa4 13. Nxa4 Nxa4 14. Rxa4 Bd7 15. Ra3 Bb5 16. f3 Nd7 17. Nb3 Bg5 18. Bf2 Qb8 19. Na5 Rc8 20. Bxb5 Qxb5 {1-0 (70) Markus,R (2615)-Jacimovic,D (2391) Skopje 2018}) 12. b4 Bg5 13. Bxg5 Qxg5 14. a4 bxa4 15. Nc4 Rb8 {LiveBook: 3 Games} 16. Rxa4 ({White should play} 16. Na5 $16) 16... Nb6 $1 $11 {[%cal Rb6a4]} 17. Nxb6 Rxb6 18. Qc1 Qxc1 (18... Qe7 {feels hotter.} 19. Qa3 Nc7 20. Bd3 Bd7 21. Ra5 Rfb8) 19. Rxc1 Bd7 $146 20. Rxa6 Rxb4 21. f3 Rb2 22. Bd3 g6 23. Rc2 Rb4 24. Ra7 Nf6 25. Ne2 (25. g4 {looks sharper.} Rd8 26. h4 Ne8 27. Nd1 f5 28. Nf2) 25... Bb5 26. Bxb5 Rxb5 27. Ra6 Rd8 $1 28. h4 Kf8 29. Kf2 Ke7 30. Ng3 h5 31. Nf1 Rd7 32. Ne3 Rdb7 {[#]} (32... Ne8 $11) 33. Rac6 ({White should try} 33. Rcc6 $1 $16) 33... Rb2 34. Rxb2 Rxb2+ {[%mdl 4096] Endgame KRN-KRN} 35. Rc2 Rb7 36. Nc4 Rc7 37. Ne3 Ra7 38. Rb2 Nd7 39. Ke2 Nc5 40. g3 Ra3 41. Rc2 Kd7 42. Nc4 Ra1 43. Nxe5+ dxe5 44. Rxc5 {KR-KR} Rg1 (44... Ra2+ $11 {keeps the balance.} 45. Kd3 Rg2) 45. Kf2 $16 Rd1 (45... Ra1 $142) 46. Rc2 Rd3 47. Ra2 f5 $2 {[%mdl 8192] [#]} (47... Rb3 $16 {is tougher.} 48. Kg2 Rb4) 48. Ra7+ $18 Ke8 49. Rg7 fxe4 (49... Rd2+ $142 50. Ke3 Rg2 51. exf5 gxf5) 50. fxe4 Rd2+ 51. Ke3 Rg2 52. Rxg6 Kf7 53. Rg5 Kf6 54. Kf3 Ra2 55. Rxh5 Ra3+ 56. Kg4 Ra8 57. Rf5+ Kg6 58. Rxe5 {White mates.} Kf6 59. Re6+ Kf7 60. h5 {[%cal Bh4h5,Bh5h6,Bh6h7][%mdl 32]} Rg8+ 61. Kf4 Ra8 62. g4 Ra1 63. h6 Rh1 64. Kg5 Rh2 65. e5 Rd2 66. Rf6+ Ke7 67. d6+ Ke8 68. h7 Rh2 69. Rh6 {Precision: White = 56%, Black = 37%.} 1-0

[Event "RUS-chT Blitz Men 2018"]
[Site "Sochi"]
[Date "2018.10.10"]
[Round "1"]
[White "Grachev, Boris"]
[Black "Ivlev, Aleksey"]
[Result "1-0"]
[WhiteElo "2626"]
[BlackElo "2326"]
[Annotator "TA"]
[PlyCount "84"]
[EventDate "2018.10.10"]
[EventType "swiss"]
[EventCountry "RUS"]
[SourceTitle "playchess.com"]
[Source "ChessBase"]
[SourceQuality "1"]

{[%evp 15,84,1,7,-16,-11,-15,-12,-14,-12,-12,-17,-27,-18,-31,-11,-10,0,-7,11,0,14,9,27,4,7,0,0,0,0,0,0,0,0,0,0,0,5,5,5,5,5,0,5,5,5,5,5,5,5,0,20,0,14,14,20,5,20,20,20,5,20,0,20,0,20,0,20,20,379,318,1373]} 1. d4 Nf6 2. Nf3 e6 3. Bf4 b6 4. e3 Bb7 5. h3 Be7 6. Be2 O-O 7. O-O c5 {A47: 1 d4 Nf6 2 Nf3 b6: Torre, London and Colle Systems} 8. c3 Nc6 {LiveBook: 15 Games} 9. Bh2 $146 ({Predecessor:} 9. a4 Rc8 10. Bh2 d5 11. Nbd2 Bd6 12. Ne5 Bxe5 13. dxe5 Ne4 14. Nxe4 dxe4 15. Qc2 {0-1 (41) Kayumov,S (2505)-Durarbayli,V (2590) Dubai 2014}) 9... d5 {The position is equal.} 10. Ne5 Nxe5 11. Bxe5 Bd6 12. Bxd6 Qxd6 13. f4 Ne4 14. Bd3 f5 15. Nd2 Nxd2 16. Qxd2 Kh8 17. Kh1 Rg8 18. g4 Raf8 (18... c4 $5 {[%cal Rc4d3]} 19. Be2 Rgd8 $11) 19. Qh2 c4 20. Bc2 b5 21. a3 a5 22. Rg1 b4 23. axb4 axb4 24. Qg3 b3 25. Bd1 Ra8 26. Rxa8 Bxa8 27. Bf3 Bc6 28. h4 Qe7 29. Ra1 Ra8 30. Rxa8+ Bxa8 31. Kg2 Bc6 32. h5 Kg8 33. Kf2 Kf7 34. Qh3 Qd7 35. Kg3 Qc8 36. Qh1 Qb7 37. Qb1 Kf6 38. Qh1 {next Qh4+ is good for White.} Kf7 39. Qh3 Bd7 40. Qg2 {[#] Black must now prevent gxf5.} Bc6 41. Qh1 Qa6 $2 {[%mdl 8192]} (41... Qa8 $11 {and Black has nothing to worry.}) 42. gxf5 $18 Qa2 $2 {Precision: White = 51%, Black = 31%.} (42... Qc8 43. h6 Qd7 44. fxe6+ Qxe6 45. hxg7 Kxg7) 1-0

[Event "RUS-chT Blitz Men 2018"]
[Site "Sochi"]
[Date "2018.10.10"]
[Round "1"]
[White "Chigaev, Maksim"]
[Black "Zhakamukhov, Eduard"]
[Result "1-0"]
[WhiteElo "2599"]
[BlackElo "2068"]
[Annotator "TA"]
[PlyCount "69"]
[EventDate "2018.10.10"]
[EventType "swiss"]
[EventCountry "RUS"]
[SourceTitle "playchess.com"]
[Source "ChessBase"]
[SourceQuality "1"]

{[%evp 18,69,32,36,45,17,34,33,27,12,52,37,45,47,59,54,69,41,66,65,65,60,78,81,64,42,62,0,0,0,137,122,141,114,169,145,168,79,128,115,125,126,586,578,716,712,597,423,423,423,1318,1318,1296,1253]} 1. e4 c6 2. d4 d5 3. exd5 cxd5 4. Bd3 Nf6 5. c3 Nc6 6. h3 g6 7. Qc2 {B13: Caro-Kann: Exchange Variation and Panov-Botvinnik Attack} (7. Nf3 Bf5 8. Be2 Qc7 9. O-O Bg7 10. Re1 O-O 11. Nbd2 Rfe8 12. Nf1 Rad8 13. Ng3 Ne4 14. Nxf5 gxf5 {1-0 (59) So,W (2780)-Mamedyarov,S (2801) Saint Louis 2018}) 7... Bg7 8. Nf3 O-O 9. O-O Qc7 10. Re1 {LiveBook: 10 Games} e6 11. Nbd2 a6 12. Nf1 $146 ({Predecessor:} 12. Ne5 Nxe5 13. dxe5 Nd7 {1-0 (43) Pereira,A (1959)-Medina,D (1728) Guarapari 2009}) 12... b5 13. a3 Qb6 14. Qe2 Na5 15. Bf4 Nc4 16. Ne3 a5 17. Ne5 Ba6 18. N3g4 {aiming for Nh6+.} Nxe5 19. Nxe5 Rfc8 20. Qf3 {[#] Hoping for Bg5.} Ra7 21. Bg5 Ne8 22. Ng4 (22. h4 $14) 22... b4 $11 23. Bxa6 Qxa6 (23... Rxa6 $11 24. Bh6 bxa3 25. bxa3 Qc7) 24. axb4 $16 Qb6 25. bxa5 Qxb2 (25... Rxa5 $16 {might work better.} 26. Rxa5 Qxa5) 26. Reb1 $36 {[%mdl 2048] White is in control.} Qc2 {[#] Black wants to play ...Rxa5.} 27. Rc1 (27. Rb6 $1 $18) 27... Qb2 28. Nh6+ Bxh6 29. Bxh6 f5 $2 {[%mdl 8192]} (29... Qb7 $16 {is more resistant.}) 30. Qe3 {White is clearly winning.} Ra6 31. Rab1 Qa3 32. Rb6 Rxb6 33. axb6 {[%cal Ba5b6,Bb6b7][%mdl 32]} Qd6 (33... Qe7 $142 34. Qe5 Qd6) 34. b7 Rb8 35. Bf4 {Precision: White = 53%, Black = 23%.} 1-0

[Event "RUS-chT Blitz Men 2018"]
[Site "Sochi"]
[Date "2018.10.10"]
[Round "1"]
[White "Kryakvin, Dmitry"]
[Black "Dudin, Gleb"]
[Result "1-0"]
[WhiteElo "2595"]
[BlackElo "2178"]
[Annotator "TA"]
[PlyCount "67"]
[EventDate "2018.10.10"]
[EventType "swiss"]
[EventCountry "RUS"]
[SourceTitle "playchess.com"]
[Source "ChessBase"]
[SourceQuality "1"]

{[%evp 16,67,36,39,39,25,39,25,20,8,22,29,33,22,8,0,70,11,86,86,93,89,115,91,251,234,234,220,206,24,25,16,12,12,9,-41,-33,-34,-35,-22,46,50,243,152,343,180,216,160,164,154,124,104,1403,1447]} 1. d4 Nf6 2. Bg5 e6 3. e4 d5 4. e5 h6 5. Be3 Nfd7 6. c3 {A45: Trompowsky Attack} c5 7. f4 Nc6 8. Nf3 cxd4 (8... Be7 9. Bd3 cxd4 10. cxd4 Nb4 11. Be2 Nb6 {0-1 (32) Adams,M (2729)-Ivanchuk,V (2787) Moscow 2007}) 9. cxd4 {LiveBook: 3 Games} Nb6 10. Nc3 Bd7 11. Rc1 $146 ({Predecessor:} 11. Bd3 Nb4 {½-½ (24) Kinsman,A (2395)-Werner,D (2385) Germany 1997}) 11... Rc8 12. Be2 a6 13. O-O Be7 14. Kh1 O-O 15. Bg1 Be8 (15... Na7 $11) 16. Bd3 $1 $14 Nc4 {[#]} (16... Bd7 $11 {remains equal.}) 17. Qe2 $1 $16 b5 {[#]} 18. f5 $1 exf5 19. Bxf5 (19. b3 $6 Nb6 $11) 19... Bd7 $2 (19... Rc7 $16 {was necessary.}) 20. e6 $18 Bxe6 21. Bxe6 fxe6 22. b3 $2 (22. Qxe6+ $18 Kh8 23. Nxd5) 22... Nb6 $11 23. Qxe6+ Kh8 24. Ne5 $36 {[%mdl 2048] White is more active.} Nxe5 25. Rxf8+ (25. dxe5 $5 {[%cal Rg1b6]} Bg5 26. Rcd1 (26. Qxb6 $2 Qxb6 27. Rxf8+ Rxf8 $19) (26. Bxb6 $2 Bxc1 27. Rxc1 Qg5 $17) 26... Rxf1 27. Rxf1 Rxc3 28. Bxb6 $14) 25... Bxf8 26. dxe5 d4 27. Ne2 {aiming for Rxc8.} Rxc1 (27... d3 $1 $11 28. Rxc8 Qxc8 29. Qxc8 (29. Qxb6 $2 d2 $19) 29... Nxc8) 28. Nxc1 $14 Nc8 $2 (28... Be7 $14) 29. Nd3 Qc7 $2 (29... a5 $16 30. Qa6 Ne7 31. Qxb5 Kg8) 30. Qd5 ({Don't do} 30. Qxa6 Qd7 $18) ({But not} 30. Bxd4 Ne7 $18) ({Not} 30. Qe8 Kg8 $18) (30. Nf4 $142 {Strongly threatening Ng6+.} Qd8 31. Qxa6) 30... Qc2 31. Qxd4 {Hoping for Qd8.} Ne7 32. Qd8 Ng6 33. Nf4 Kh7 $2 {[%mdl 8192]} (33... Kg8 $16 34. Nxg6 Qxg6) 34. Nxg6 {Precision: White = 47%, Black = 29%.} 1-0

[Event "RUS-chT Blitz Men 2018"]
[Site "Sochi"]
[Date "2018.10.10"]
[Round "1"]
[White "Antipov, Mikhail Al."]
[Black "Tsvetkov, Andrey"]
[Result "1-0"]
[WhiteElo "2593"]
[BlackElo "2264"]
[Annotator "TA"]
[PlyCount "75"]
[EventDate "2018.10.10"]
[EventType "swiss"]
[EventCountry "RUS"]
[SourceTitle "playchess.com"]
[Source "ChessBase"]
[SourceQuality "1"]

{[%evp 23,75,-3,-5,-14,-9,-8,-17,-14,0,-47,-30,-75,59,57,122,109,100,101,112,94,91,0,0,-12,-3,-93,-40,-2,164,151,155,150,112,89,101,-125,-116,-116,-60,-209,-218,-191,-8,-132,-135,-204,-199,-342,-121,-371,0,0,0,0]} 1. e4 c5 2. Nf3 d6 3. d4 cxd4 4. Nxd4 Nf6 5. Nc3 a6 6. h3 e5 7. Nde2 b5 {[%cal Bb7b5,Bb5b4][%mdl 32]} 8. g4 {B90: Sicilian Najdorf: Unusual White 6th moves, 6 Be3 Ng4 and 6 Be3 e5} (8. Ng3 Nbd7 9. Bg5 h6 10. Be3 Bb7 11. Bd3 h5 12. Bg5 g6 13. O-O Be7 14. a3 h4 15. Nge2 Nc5 16. Bxf6 Bxf6 {1-0 (48) Dominguez Perez,L (2739)-Vachier Lagrave,M (2779) chess.com INT 2018}) 8... b4 9. Nd5 Nxd5 10. Qxd5 Ra7 11. Be3 Be6 12. Qd2 Rd7 {LiveBook: 4 Games} 13. Qxb4 d5 {[%cal Bd6d5,Bd5d4][%mdl 32]} 14. Qa4 $1 d4 15. Bd2 Be7 16. O-O-O $146 O-O 17. f4 {Hoping for f5.} f6 (17... Rc7 $1 $17 {And now ...d3 would win.} 18. Ba5 (18. fxe5 Rc4 $17) 18... Bd7 19. Bxc7 Qxc7) 18. Ng3 $14 g6 (18... Qb6 $14) 19. Bc4 Bxc4 20. Qxc4+ Kg7 21. f5 Qb6 22. Rhg1 (22. Qb3 $16 Qxb3 23. cxb3 (23. axb3 Rc8 $14)) 22... Rb7 $11 {[%csl Gb7][%cal Rb6b2]} 23. b3 Rc7 $36 {[%mdl 2048] Black has good play.} 24. Qd3 (24. Qf1 $11) 24... Rfc8 (24... Nd7 $1 $17 {[%cal Rd7c5]} 25. Kb1 Rfc8 26. fxg6 hxg6) 25. Kb1 $15 Nc6 $2 (25... Rxc2 $11 {and Black has nothing to worry.} 26. Rc1 Rxc1+ 27. Rxc1 Rxc1+ 28. Bxc1 Nd7) 26. fxg6 $18 hxg6 27. g5 fxg5 28. Rdf1 Nb4 {[#]} 29. Bxb4 $2 (29. Nh5+ $1 $16 {[%mdl 512] is necessary to keep the advantage.} gxh5 30. Qg3) 29... Qxb4 $17 ({Much weaker is} 29... Bxb4 $6 30. Nh5+ $1 {[%mdl 512]} Kh8 31. Rf6 $11) 30. Rg2 Qa3 (30... Qc3 $17 {White must now prevent ...Qxd3.} 31. Qxa6 Rc6) 31. Nf5+ (31. Qd1 $15) 31... gxf5 $19 32. Rxf5 {With the idea Qf3.} Rc6 $2 (32... Rf8 $19 {Threatens to win with ...Rc3.} 33. h4 Qa5) 33. h4 (33. Qg3 $11 Rg6 34. Qxe5+ Kg8 35. Qd5+ Kh8 36. Qxd4+ Kh7 37. Rg1) 33... Rh6 $17 34. Qg3 (34. Qf1 $17) 34... Qd6 $1 $19 35. a4 {[#]} (35. Rg1 {is a better defense.}) 35... Rg6 $2 (35... d3 $1 $19 36. cxd3 Re6) 36. h5 $2 {[#]} (36. hxg5 $17 Rh8 37. Rg1) 36... Rh6 $2 (36... d3 $1 $19 {[%cal Rd3c2] ( -> ...dxc2+)} 37. Qxd3 (37. cxd3 Qa3) 37... Qxd3 38. cxd3 Re6) 37. Rxg5+ $11 Kf7 38. Rg8 {[%mdl 32768] Precision: White = 29%, Black = 31%. . Loss on Time!?} 1-0